000 01457cab a2200277 4500
001 ABS57760
008 090401t1997 xxu||||| |||| 00| 0 eng d
035 _a(Sirsi) u81596
041 _aeng
245 _aMitchem and Edmunds v Magnus Homes South West Ltd
260 _c1997
350 _a0
490 _aProperty, planning & compensation reports
_v[1997] 74 P&CR 235-245(11)
520 _aCA 5 December 1996. Agreement to sell land to developer (Magnus) for housing project, subject to developer obtaining planning permission within a set timeframe. Agreement for service of notice to determine agreement if planning permission not obtained. Permission was not obtained and failure to service notice. The parties entered into further negotiations - permission obtained outside stated time. Developer sought to enforce agreement. Whether agreement still existing and the effect of failure to serve notice to determine. Whether developer continued to have an interest in the land after expiry of time limit. Appeal by developer dismissed. Developer ceased to have interest in the property once the first contract period as extended had expired.
650 _aEXPIRY DATE
650 _aFARM LAND
650 _aHOUSING
650 _aINTEREST IN LAND
650 _aLAND CHARGES
650 _aLAND DEVELOPMENT
650 _aPLANNING PERMISSION
650 _aSERVING NOTICES
690 _aLAND-CASE LAW
942 _n0
948 _c22/10/1997
999 _c51422
_d51422